India (Record no. 187341)

000 -LEADER
fixed length control field 00297 a2200133 4500
003 - CONTROL NUMBER IDENTIFIER
control field Nust
005 - DATE AND TIME OF LATEST TRANSACTION
control field 20170207153501.0
020 ## - INTERNATIONAL STANDARD BOOK NUMBER
International Standard Book Number 0864423217
040 ## - CATALOGING SOURCE
Transcribing agency Nust
082 ## - DEWEY DECIMAL CLASSIFICATION NUMBER
Classification number 954
100 ## - MAIN ENTRY--PERSONAL NAME
Personal name Finlay , Hugh
245 ## - TITLE STATEMENT
Title India
Remainder of title A Lonely Planet Travel urvival Kitqq
Statement of responsibility, etc. Hugh FinlAY
260 ## - PUBLICATION, DISTRIBUTION, ETC.
Place of publication, distribution, etc. India
Name of publisher, distributor, etc. india
300 ## - PHYSICAL DESCRIPTION
Extent 1134:p
Holdings
Withdrawn status Lost status Source of classification or shelving scheme Damaged status Not for loan Collection code Current Location Date acquired Total Checkouts Barcode Date last seen Price effective from Koha item type
            Military College of Signals (MCS) 12/12/2016   MCS2675 12/08/2016 12/12/2016 Book
© 2023 Central Library, National University of Sciences and Technology. All Rights Reserved.